000 02037nam0a2200373 4500
001 RU\NLR\bibl\1054585
005 20260405124046.0
010 _a5-89514-778-X
_9300
021 _aRU
_b2007-3071
_9149
035 _a(NLR Aleph) 001041882
090 _a823887
_c823887
100 _a20070305d2006 |||y0rusy50 ca
101 0 _arus
102 _aRU
105 _aa |||||||||
200 1 _aРафинирование металла в промежуточном ковше МНЛЗ
_eмонография
_fК. Н. Вдовин, М. В. Семенов, В. В. Точилкин
_gМ-во образования и науки Рос. Федерации, Федер. агентство по образованию, гос. образоват. учреждение высш. проф. образования "Магнитог. гос. техн. ун-т им. Г. И. Носова"
210 _aМагнитогорск
_cМГТУ
_d2006
215 _a118 с.
_cил.
_d21
300 _aНа обороте тит. л. в макете загл.: Рафинирование стали в промежуточном ковше МНЛЗ
320 _aБиблиогр.: с. 109-116 (80 назв.)
517 0 _aРафинирование стали в промежуточном ковше МНЛЗ
606 1 _aСталь
_xРафинирование внепечное
_92227733
_3RU\NLR\auth\661337274
606 1 _aСтальное литье непрерывное
_91491345
_3RU\NLR\auth\66641587
686 _aК327.05-16
700 1 _aВдовин
_bК. Н.
_gКонстантин Николаевич
_4070
701 1 _4070
_7ca
_8rus
_aСеменов
_bМ. В.
_cинженер
_gМаксим Викторович
_932519
_3RU\NLR\AUTH\7749584
701 1 _aТочилкин
_bВ. В.
_gВиктор Васильевич
_4070
801 0 _aRU
_bNLR
_c20070305
_gRCR
801 1 _aRU
_bNLR
_c20070305
830 _aАвторы раскрыты по кн.
942 _cBOOK
980 _aNB